Southville International School and Colleges
Your cart is empty.
  • Cart
  • Lists
    Public lists Eva Luna New books Lux_list list_1
    Your lists Log in to create your own lists
  • Log in to your account
  • Your cookies
  • Search history
Southville International School and Colleges
  • Advanced search
  • Recent comments
  • Most popular
  • Libraries

Log in to your account

Log in with GOOGLE


If you do not have an external account, but do have a local account, you can still log in:

  1. Home
  2. MARC view: The road to Emmaus /
Normal view MARC view ISBD view

The road to Emmaus / (Record no. 283945)

[ view plain ]
MARC details
000 -LEADER
fixed length control field 00569nam a22002057a 4500
003 - CONTROL NUMBER IDENTIFIER
control field OSt
005 - DATE AND TIME OF LATEST TRANSACTION
control field 20150511133304.0
008 - FIXED-LENGTH DATA ELEMENTS--GENERAL INFORMATION
fixed length control field 131001t xxu||||| |||| 00| 0 eng d
020 ## - INTERNATIONAL STANDARD BOOK NUMBER
International Standard Book Number 9789710040759
020 ## - INTERNATIONAL STANDARD BOOK NUMBER
International Standard Book Number 9789710040858
050 ## - LIBRARY OF CONGRESS CALL NUMBER
Classification number BV 85
Item number .Ib12 2010
082 ## - DEWEY DECIMAL CLASSIFICATION NUMBER
Classification number GLT 248
Item number .Ib1 2010
100 ## - MAIN ENTRY--PERSONAL NAME
Personal name Ibanez, Rodolfo
9 (RLIN) 22685
245 ## - TITLE STATEMENT
Title The road to Emmaus /
Statement of responsibility, etc Ibanez, Rodolfo.
260 ## - PUBLICATION, DISTRIBUTION, ETC. (IMPRINT)
Place of publication, distribution, etc Makati City:
Name of publisher, distributor, etc St. Pauls,
Date of publication, distribution, etc 2010.
300 ## - PHYSICAL DESCRIPTION
Extent xxix, 290 pages :
Other physical details illustrations ;
Dimensions 23 cm.
650 ## - SUBJECT ADDED ENTRY--TOPICAL TERM
Topical term or geographic name as entry element Christian life
9 (RLIN) 1330
942 ## - ADDED ENTRY ELEMENTS (KOHA)
Source of classification or shelving scheme Library of Congress Classification
Koha item type Books
Holdings
Withdrawn status Lost status Source of classification or shelving scheme Damaged status Home library Current library Shelving location Date acquired Source of acquisition Sub Shelving location Total Checkouts Full call number Barcode Date last seen Price effective from Koha item type
    Library of Congress Classification   Southville International School Affiliated with Foreign Universities Library Southville International School Affiliated with Foreign Universities Library Southville Foreign University Section 05/11/2015 Library Fund     BV 85 .Ib12 2010 SFU1925 05/15/2018 05/11/2015 Books

The road to Emmaus /

APA

Ibanez R., . (2010). The road to Emmaus. Makati City: St. Pauls.

Chicago

Ibanez Rodolfo, . 2010. The road to Emmaus. Makati City: St. Pauls.

Harvard

Ibanez R., . (2010). The road to Emmaus. Makati City: St. Pauls.

MLA

Ibanez Rodolfo, . The road to Emmaus. Makati City: St. Pauls. 2010.

  • Place hold
  • Print
  • Cite
  • Add to your cart (remove)
  • Save record
    BIBTEX Dublin Core MARCXML MARC (non-Unicode/MARC-8) MARC (Unicode/UTF-8) MARC (Unicode/UTF-8, Standard) MODS (XML) RIS
  • More searches
    Search for this title in:
    Other Libraries (WorldCat) Other Databases (Google Scholar) Online Stores (Bookfinder.com) Open Library (openlibrary.org)

Exporting to Dublin Core...

SOUTHVILLE LIBRARY

Southville International School and Colleges Library

1281 Tropical Ave. Cor. Luxembourg St., BF Homes International, Las Pinas City

Tel. No. 8256374 / 252358 Loc. 117/146

Powered by Koha